000 00247nam a2200109 a 4500
005 20140414093830.0
008 970110s19uu xx 00 eng d
050 _aVHS SD
_bR 04
245 _aEmpowered Trainors.
942 _cAVM
999 _c108649
_d108649